Datum a čas kvízu
18.5
Celkem bodů
Celkový počet nahraných bodů na tomto kvízu bez doplňovacích otázek.
6.
Pořadí na kvízu
Konečné umístění týmu na tomto kvízu.
Zaznamenané odpovědi
| # | Otázka | Odpověď | Body | Výsledky |
|---|---|---|---|---|
| 1. | Pouze jediný československý pr... | 0 | ||
| 2. | Policie doporučila obvinit pre... | 0 | ||
| 3. | Nehmotné dědictví UNESCO bylo... | 0 | ||
| 4. | Detroitští fanoušci hokeje se... | 1 | ||
| 5. | V neděli odstartovala štafetov... | 1 | ||
| 6. | Čertů se v kultuře, zeměpisnýc... | 0 | ||
| 7. | Roli čerta v pohádce Čert ví p... | 0 | ||
| 8. | To čert na koze jel, a táta re... | 0 | ||
| 9. | Na obrázku vidíme znak pražské... | 0 | ||
| 10. | Jak se nazývá nejnovější česká... | 0 |